000 00599nam a22002177a 4500
003 UA-OsUOA
001 43317
007 ta
008 20061220b un ||||| |||| 00| 0 ukr d
100 _aЛавренюк В.
090 _a82
_bЛ-11
942 _cSA
040 _aUA-OsUOA
_bukr
_cUA-OsUOA
_dUA-OsUOA
245 _aОбраз гетьмана Івана Мазепи - історичний і літературний
300 _aС.48-52
955 _a0
041 _aukr
080 _a82
773 0 _w43313
650 7 _a82 Література. Літературознавство
_2UDC
999 _c329447
_d329447